Study guide and readings to accompany Management (Record no. 58800)

MARC details
000 -LEADER
fixed length control field 00566nam a2200157 a 4500
008 - FIXED-LENGTH DATA ELEMENTS--GENERAL INFORMATION
fixed length control field 120416s9999 xx |||||||||||||| || u
050 ## - LIBRARY OF CONGRESS CALL NUMBER
Classification number HD 31 Hol
100 ## - MAIN ENTRY--PERSONAL NAME
Personal name Hollingsworth, Abner Thomas, 1939-
245 10 - TITLE STATEMENT
Title Study guide and readings to accompany Management
246 ## - VARYING FORM OF TITLE
Title proper/short title theory, process, and practice
250 ## - EDITION STATEMENT
Edition statement 2nd ed.
350 ## - PRICE (NR) (BK AM CF MU VM SE) [OBSOLETE]
Price 0.00
650 ## - SUBJECT ADDED ENTRY--TOPICAL TERM
Topical term or geographic name entry element MANAGEMENT--STUDY AND TEACHING
650 #0 - SUBJECT ADDED ENTRY--TOPICAL TERM
Topical term or geographic name entry element MANAGEMENT
995 ## - RECOMMENDATION 995 [LOCAL, UNIMARC FRANCE]
-- 0.00
-- CBU-MAIN LIBRARY (Kitwe)
-- 1
-- 0.00
-- 1
-- DAMAGED
-- Main Library Open Access Collection
Holdings
Withdrawn status Lost status Source of classification or shelving scheme Damaged status Not for loan Home library Current library Shelving location Date acquired Total Checkouts Full call number Barcode Date last seen Price effective from Koha item type
          CBU-MAIN LIBRARY, KITWE. CBU-MAIN LIBRARY, KITWE.   11/30/2022   HD 31 Hol 705907 11/30/2022 11/30/2022 MONOGRAPH